[Event "Hamburg-ch MA"]
[Site "Hamburg"]
[Date "2015.05.25"]
[Round "3"]
[White "Hinrichs, Jan"]
[Black "Groetzbach, Julian"]
[Result "1/2-1/2"]
[WhiteElo "2155"]
[BlackElo "2169"]
[PlyCount "62"]
[EventDate "2015.05.23"]
[EventType "swiss"]
[EventRounds "9"]
[EventCountry "GER"]
[SourceTitle "EXT 2022"]
[Source "ChessBase"]
[SourceDate "2021.10.06"]
[SourceVersion "1"]
[SourceVersionDate "2021.10.06"]
[SourceQuality "1"]

1. d4 d5 2. c4 c6 3. Nf3 Nf6 4. e3 Bg4 5. b3 e6 6. Nbd2 Bb4 7. a3 Bd6 8. Qc2 Nbd7 9. Bb2 Qc7 10. Bd3 0-0 11. c5 Be7 12. Ne5 Bh5 13. h3 Bg6 14. Nxg6 hxg6 15. 0-0 Nh5 16. e4 dxe4 17. Bxe4 Ndf6 18. Bf3 Nf4 19. b4 N6d5 20. Nc4 g5 21. Qb3 g6 22. b5 Kg7 23. b6 Qb8 24. bxa7 Rxa7 25. g3 Nxh3+ 26. Kg2 Nhf4+ 27. gxf4 Nxf4+ 28. Kg1 Nh3+ 29. Kg2 Nf4+ 30. Kg1 Nh3+ 31. Kg2 Nf4+ 1/2-1/2

[Event "Hamburg-ch MA"]
[Site "Hamburg"]
[Date "2015.05.24"]
[Round "2"]
[White "Voigt, Martin"]
[Black "Hinrichs, Jan"]
[Result "0-1"]
[WhiteElo "2331"]
[BlackElo "2155"]
[PlyCount "100"]
[EventDate "2015.05.23"]
[EventType "swiss"]
[EventRounds "9"]
[EventCountry "GER"]
[SourceTitle "EXT 2022"]
[Source "ChessBase"]
[SourceDate "2021.10.06"]
[SourceVersion "1"]
[SourceVersionDate "2021.10.06"]
[SourceQuality "1"]

1. e4 c5 2. Nc3 d6 3. f4 Nc6 4. Nf3 Nd4 5. Bc4 g6 6. Nxd4 cxd4 7. Ne2 Bg7 8. d3 e5 9. 0-0 Be6 10. Bxe6 fxe6 11. f5 Nf6 12. fxe6 Qe7 13. c3 0-0 14. cxd4 exd4 15. Qb3 Ng4 16. Bf4 Rae8 17. h3 Ne3 18. Bxe3 dxe3 19. Rxf8+ Bxf8 20. Rf1 Qxe6 21. Qxb7 Qxa2 22. b3 Be7 23. Qd5+ Kh8 24. Qd4+ Kg8 25. Qc4+ Kh8 26. Qc3+ Kg8 27. Qc4+ Kh8 28. Qd4+ Kg8 29. Qxe3 Qxb3 30. Nf4 Bd8 31. Qg3 Bb6+ 32. Kh2 Rf8 33. Qe1 Bd4 34. Nd5 Qxd3 35. Rxf8+ Kxf8 36. Qh4 Be5+ 37. g3 Qe2+ 38. Kh1 Qf3+ 39. Kh2 Kg7 40. Nf4 Bf6 41. Ne6+ Kg8 42. Qh6 Be5 43. Qh4 Qf6 44. Ng5 h5 45. Kg2 a5 46. g4 Bf4 47. Nf3 Qxh4 48. Nxh4 a4 49. Nxg6 Bg5 50. h4 Bd8 0-1

[Event "GER-chT U20"]
[Site "Naumburg Saale"]
[Date "2014.12.27"]
[Round "2.4"]
[White "Hinrichs, Jan"]
[Black "Reksten, Daniel"]
[Result "1-0"]
[WhiteElo "2178"]
[BlackElo "1964"]
[PlyCount "99"]
[EventDate "2014.12.27"]
[EventType "team-swiss"]
[EventRounds "7"]
[EventCountry "GER"]
[SourceTitle "EXT 2016"]
[Source "ChessBase"]
[SourceDate "2015.10.08"]
[SourceVersion "1"]
[SourceVersionDate "2015.10.08"]
[SourceQuality "1"]
[WhiteTeam "Hamburger SK"]
[BlackTeam "Solingen"]
[WhiteTeamCountry "GER"]
[BlackTeamCountry "GER"]

1. d4 d5 2. c4 e6 3. Nf3 Be7 4. g3 Nf6 5. Bg2 0-0 6. 0-0 c6 7. b3 Nbd7 8. Bb2 b6 9. Ne5 Bb7 10. cxd5 cxd5 11. Nd2 Rc8 12. Rc1 Rxc1 13. Qxc1 Qc8 14. Qb1 Qb8 15. f4 Rc8 16. f5 Ba6 17. Nxf7 Bxe2 18. Re1 Kxf7 19. fxe6+ Kxe6 20. Rxe2+ Kf7 21. Bxd5+ Nxd5 22. Qf5+ N7f6 23. Nf3 Kf8 24. Ng5 h6 25. Ne6+ Kg8 26. Qg6 Bf8 27. Ba3 Qb7 28. Nxf8 Rxf8 29. Bxf8 Kxf8 30. Qf5 Qd7 31. Qe5 Kg8 32. Rc2 a5 33. Rc1 Kf7 34. a3 Qe7 35. Rc6 Qxe5 36. dxe5 Ne8 37. Kf2 Ke7 38. Kf3 Kd7 39. Rg6 Kc7 40. Ke4 Nc3+ 41. Kd3 Nd5 42. Kd4 Ne7 43. Re6 Kd7 44. Rxb6 Nc6+ 45. Ke4 Nc7 46. b4 axb4 47. axb4 Ne7 48. b5 Kc8 49. g4 Kd7 50. Rd6+ 1-0

[Event "Lueneburg IM"]
[Site "Lueneburg"]
[Date "2014.08.14"]
[Round "6"]
[White "Hinrichs, Jan"]
[Black "Kahlert, Thomas"]
[Result "0-1"]
[WhiteElo "2134"]
[BlackElo "2194"]
[PlyCount "104"]
[EventDate "2014.08.09"]
[EventType "tourn"]
[EventRounds "9"]
[EventCountry "GER"]
[SourceTitle "CBM 161 Extra"]
[Source "ChessBase"]
[SourceDate "2014.08.29"]
[SourceVersion "1"]
[SourceVersionDate "2014.08.29"]
[SourceQuality "1"]

1. d4 Nf6 2. c4 g6 3. g3 Bg7 4. Bg2 d5 5. cxd5 Nxd5 6. Nf3 0-0 7. 0-0 Nb6 8. Nc3 Nc6 9. d5 Na5 10. e4 c6 11. dxc6 Qxd1 12. Rxd1 Nxc6 13. h3 Be6 14. Ng5 Bc4 15. Bf4 Rac8 16. e5 Nxe5 17. Bxb7 Rcd8 18. Bxe5 Bxe5 19. Re1 Bf6 20. Nge4 Bg7 21. Rac1 Rb8 22. Bc6 Rfc8 23. Bb5 h6 24. Kg2 Be6 25. b4 Nd5 26. Nxd5 Bxd5 27. Rxc8+ Rxc8 28. f3 Rc2+ 29. Nf2 Bd4 30. Re2 Rxe2 31. Bxe2 Bxa2 32. Bd3 Kg7 33. h4 Bc3 34. b5 Bd4 35. Nh3 e5 36. g4 Bd5 37. Kg3 Kf6 38. g5+ Kg7 39. gxh6+ Kxh6 40. Ng5 f5 41. f4 Bc3 42. Be2 Be1+ 43. Kh3 Bd2 44. fxe5 Bxg5 45. hxg5+ Kxg5 46. Kg3 f4+ 47. Kf2 Be4 48. Bc4 Kf5 49. e6 Kf6 50. Ke2 Bf5 51. Kf3 g5 52. Be2 Kxe6 0-1

[Event "Lueneburg IM"]
[Site "Lueneburg"]
[Date "2014.08.12"]
[Round "4"]
[White "Hirneise, Jens"]
[Black "Hinrichs, Jan"]
[Result "0-1"]
[WhiteElo "2275"]
[BlackElo "2134"]
[PlyCount "116"]
[EventDate "2014.08.09"]
[EventType "tourn"]
[EventRounds "9"]
[EventCountry "GER"]
[SourceTitle "CBM 161 Extra"]
[Source "ChessBase"]
[SourceDate "2014.08.29"]
[SourceVersion "1"]
[SourceVersionDate "2014.08.29"]
[SourceQuality "1"]

1. e4 c5 2. Nf3 d6 3. d4 cxd4 4. Nxd4 Nf6 5. Nc3 a6 6. Be3 e6 7. Be2 Be7 8. g4 h6 9. f4 Nbd7 10. Bf3 Qc7 11. 0-0 Nb6 12. g5 hxg5 13. fxg5 d5 14. Qe2 Nxe4 15. Bxe4 dxe4 16. Qf2 Bd6 17. Nxe4 Bxh2+ 18. Kg2 Nc4 19. Rae1 Be5 20. Nf3 Nxe3+ 21. Qxe3 Bd7 22. Qc5 Bf4 23. Nd4 b6 24. Qa3 Be5 25. Rh1 Rxh1 26. Rxh1 g6 27. Nf6+ Bxf6 28. gxf6 Bc6+ 29. Nxc6 Qxc6+ 30. Qf3 Kd7 31. Rh7 Qxf3+ 32. Kxf3 Rf8 33. Kf4 Kd6 34. Kg5 e5 35. Rh4 Ke6 36. Rc4 Kd6 37. Kh6 Rg8 38. Kh7 Rb8 39. Kg7 Rb7 40. Rc8 g5 41. Kh6 g4 42. Kg5 Rc7 43. Rd8+ Ke6 44. Re8+ Kd5 45. Kf5 Rxc2 46. Rd8+ Kc4 47. Kxg4 Rf2 48. Kg5 e4 49. Re8 Kd3 50. Rd8+ Ke2 51. Rd7 e3 52. Rxf7 Kf1 53. Rh7 Kg2 54. Re7 e2 55. Kg6 Kf1 56. f7 e1Q 57. Rxe1+ Kxe1 58. Kg7 Kd2 0-1

[Event "Politiken Cup 36th"]
[Site "Helsingor"]
[Date "2014.07.23"]
[Round "4"]
[White "Hinrichs, Jan"]
[Black "Matthiesen, Martin"]
[Result "1-0"]
[WhiteElo "2124"]
[BlackElo "2316"]
[PlyCount "77"]
[EventDate "2014.07.21"]
[EventType "swiss"]
[EventRounds "10"]
[EventCountry "DEN"]
[SourceTitle "CBM 161 Extra"]
[Source "ChessBase"]
[SourceDate "2014.08.29"]
[SourceVersion "1"]
[SourceVersionDate "2014.08.29"]
[SourceQuality "1"]

1. d4 Nf6 2. c4 g6 3. g3 Bg7 4. Bg2 0-0 5. Nf3 d6 6. Nc3 c6 7. 0-0 Qa5 8. e4 e5 9. h3 Nbd7 10. d5 cxd5 11. exd5 Nb6 12. Nd2 Bd7 13. Qe2 Rac8 14. a3 Qc5 15. b3 Rfe8 16. Nde4 Qc7 17. Bg5 Nh5 18. g4 Nf4 19. Qf3 f5 20. gxf5 gxf5 21. Nf6+ Bxf6 22. Bxf6 Ng6 23. h4 Nxc4 24. bxc4 Qxc4 25. Rac1 Kf7 26. Bg5 Kg8 27. h5 Nh4 28. Qg3 Nxg2 29. Bh6+ Qg4 30. Qxg4+ fxg4 31. Kxg2 Rc4 32. Ne2 Bb5 33. Ng3 Rd4 34. Rc7 Bc4 35. Nf5 Bxd5+ 36. Kg1 Rd3 37. Bg7 Bf7 38. Bf6 Bxh5 39. Nh6+ 1-0

[Event "Politiken Cup 36th"]
[Site "Helsingor"]
[Date "2014.07.21"]
[Round "1"]
[White "Nilsson, Carl Axel"]
[Black "Hinrichs, Jan"]
[Result "0-1"]
[WhiteElo "1696"]
[BlackElo "2124"]
[PlyCount "94"]
[EventDate "2014.07.21"]
[EventType "swiss"]
[EventRounds "10"]
[EventCountry "DEN"]
[SourceTitle "CBM 161 Extra"]
[Source "ChessBase"]
[SourceDate "2014.08.29"]
[SourceVersion "1"]
[SourceVersionDate "2014.08.29"]
[SourceQuality "1"]

1. e4 c5 2. Nf3 d6 3. d4 cxd4 4. Nxd4 Nf6 5. Nc3 a6 6. Bg5 e6 7. f4 h6 8. Bh4 Be7 9. Qf3 Nbd7 10. 0-0-0 Qc7 11. Bd3 g5 12. fxg5 Ne5 13. Qe2 Nfg4 14. Nf3 Qc5 15. Nxe5 Nxe5 16. Kb1 hxg5 17. Bf2 Qa5 18. Rdf1 b5 19. Nd1 Bd7 20. Ne3 Rc8 21. Ng4 Nc4 22. Be1 Qa4 23. Bxc4 Qxc4 24. Qxc4 Rxc4 25. Nf2 Bc6 26. b3 Rxe4 27. Nxe4 Bxe4 28. Rf2 d5 29. Bc3 Rh7 30. b4 Bd6 31. h3 g4 32. Rhf1 gxh3 33. gxh3 Rxh3 34. Kb2 f5 35. a3 Bg3 36. Re2 f4 37. Be1 f3 38. Re3 Bxe1 39. Rexe1 Rh2 40. Rc1 Re2 41. Rfe1 Bd3 42. Rf1 f2 43. Kc3 Bc4 44. Rcd1 Re3+ 45. Rd3 Bxd3 46. cxd3 Rf3 47. Kd4 Kd7 0-1

[Event "Hamburg-chT Landesliga 1314"]
[Site "Hamburg"]
[Date "2014.04.12"]
[Round "8.2"]
[White "Hinrichs, Jan"]
[Black "Wasmuth, Matthias"]
[Result "1/2-1/2"]
[WhiteElo "2120"]
[BlackElo "2151"]
[PlyCount "97"]
[EventDate "2013.10.13"]
[EventType "team-tourn"]
[EventRounds "9"]
[EventCountry "GER"]
[SourceTitle "EXT 2022"]
[Source "ChessBase"]
[SourceDate "2021.10.06"]
[SourceVersion "1"]
[SourceVersionDate "2021.10.06"]
[SourceQuality "1"]
[WhiteTeam "Hamburger SK V"]
[BlackTeam "Harburg Diagonale"]
[WhiteTeamCountry "GER"]
[BlackTeamCountry "GER"]

1. d4 Nf6 2. c4 e5 3. dxe5 Ng4 4. Nf3 Bc5 5. e3 Nc6 6. Be2 Ngxe5 7. Qc2 0-0 8. a3 a5 9. b3 Re8 10. 0-0 Ra6 11. Nbd2 Nxf3+ 12. Nxf3 Ne5 13. Bb2 Nxf3+ 14. Bxf3 Rh6 15. Qc3 Bf8 16. g3 Qg5 17. Rad1 c6 18. e4 Qc5 19. e5 d6 20. exd6 Rxd6 21. Rxd6 Qxd6 22. Qxa5 Qd3 23. Qc3 Rd8 24. Rc1 Bh3 25. b4 Qf5 26. Rd1 Rxd1+ 27. Bxd1 Qe4 28. Bf3 Qb1+ 29. Qc1 Qd3 30. Bg2 Be6 31. Bf1 Qe4 32. Qc3 Qb1 33. h4 Bxc4 34. Bc1 Bxf1 35. Kxf1 h5 36. Kg2 Qe4+ 37. Qf3 Qxf3+ 38. Kxf3 f6 39. Ke4 Kf7 40. f4 Ke6 41. f5+ Kf7 42. Bf4 g6 43. Bc7 b5 44. Bf4 Be7 45. Be3 Bd6 46. Bf4 Be7 47. Be3 Bd6 48. Bf4 Be7 49. Be3 1/2-1/2

[Event "Politiken Cup 35th"]
[Site "Helsingor"]
[Date "2013.07.28"]
[Round "3"]
[White "Larsen, Preben R"]
[Black "Hinrichs, Jan"]
[Result "0-1"]
[WhiteElo "1836"]
[BlackElo "2072"]
[PlyCount "62"]
[EventDate "2013.07.27"]
[EventType "swiss"]
[EventRounds "10"]
[EventCountry "DEN"]
[SourceTitle "CBM 155 Extra"]
[Source "ChessBase"]
[SourceDate "2013.08.26"]
[SourceVersion "1"]
[SourceVersionDate "2013.08.26"]
[SourceQuality "1"]

1. e4 c5 2. Nf3 d6 3. d4 cxd4 4. Nxd4 Nf6 5. Nc3 a6 6. Be2 e6 7. Be3 Be7 8. 0-0 0-0 9. Bf3 Qc7 10. Nb3 Nbd7 11. Bf4 Re8 12. Re1 e5 13. Bg5 b5 14. a3 Nb6 15. Bxf6 Bxf6 16. Bg4 Bb7 17. Na5 Bc8 18. Nb3 Be6 19. Bxe6 fxe6 20. Nc1 Nc4 21. Nd3 Nxb2 22. Nxb5 axb5 23. Nxb2 Rec8 24. c4 bxc4 25. Rc1 c3 26. Rc2 Rxa3 27. Qd3 Bg5 28. g3 Bd2 29. Re2 cxb2 30. Rxc7 Rxc7 31. Qb5 b1Q+ 0-1

[Event "Lueneburg IM"]
[Site "Lueneburg"]
[Date "2013.07.22"]
[Round "8"]
[White "Hinrichs, Lars"]
[Black "Hinrichs, Jan"]
[Result "1/2-1/2"]
[WhiteElo "1997"]
[BlackElo "2072"]
[PlyCount "30"]
[EventDate "2013.07.15"]
[EventType "tourn"]
[EventRounds "9"]
[EventCountry "GER"]
[SourceTitle "CBM 155 Extra"]
[Source "ChessBase"]
[SourceDate "2013.08.26"]
[SourceVersion "1"]
[SourceVersionDate "2013.08.26"]
[SourceQuality "1"]

1. Nf3 c5 2. c4 g6 3. Nc3 Bg7 4. g3 Nc6 5. Bg2 e5 6. d3 Nge7 7. Bd2 d6 8. Nd5 0-0 9. Qc1 Nxd5 10. cxd5 Nd4 11. Nxd4 cxd4 12. 0-0 Qb6 13. b3 Bg4 14. f3 Bf5 15. g4 Bd7 1/2-1/2

[Event "Lueneburg IM"]
[Site "Lueneburg"]
[Date "2013.07.21"]
[Round "7"]
[White "Bathke, Joerg"]
[Black "Hinrichs, Jan"]
[Result "1-0"]
[WhiteElo "2144"]
[BlackElo "2072"]
[PlyCount "131"]
[EventDate "2013.07.15"]
[EventType "tourn"]
[EventRounds "9"]
[EventCountry "GER"]
[SourceTitle "CBM 155 Extra"]
[Source "ChessBase"]
[SourceDate "2013.08.26"]
[SourceVersion "1"]
[SourceVersionDate "2013.08.26"]
[SourceQuality "1"]

1. b3 c5 2. Bb2 Nc6 3. Nf3 d6 4. d4 cxd4 5. Nxd4 e5 6. Nxc6 bxc6 7. g3 Be6 8. Bg2 Qc7 9. c4 Nf6 10. Nc3 Rd8 11. 0-0 Be7 12. Rc1 Qd7 13. e3 Bh3 14. Bxh3 Qxh3 15. Qf3 Qd7 16. Rfd1 h5 17. Ne4 Nxe4 18. Qxe4 f5 19. Qg2 Qc7 20. f4 0-0 21. c5 e4 22. cxd6 Rxd6 23. Qc2 Rfd8 24. Rxd6 Qxd6 25. Bd4 Bf6 26. Bxa7 h4 27. Bc5 Qd7 28. Bb6 Rb8 29. Ba5 Qe8 30. Kg2 g5 31. Qc4+ Kh7 32. Qe2 Qg6 33. Rxc6 hxg3 34. hxg3 gxf4 35. exf4 Rg8 36. Be1 Qf7 37. Qa6 Qh5 38. Rxf6 Qf3+ 39. Kh2 Qh5+ 40. Kg1 Rxg3+ 41. Bxg3 Qd1+ 42. Qf1 Qd4+ 43. Bf2 Qxf6 44. a4 Qb2 45. Qh3+ Kg6 46. Kg2 Qa1 47. Qg3+ Kf7 48. Qg5 Qb1 49. Qxf5+ Ke7 50. Qd5 e3 51. Qe5+ Kf7 52. Qxe3 Qg6+ 53. Kf1 Qb1+ 54. Be1 Qf5 55. a5 Qb5+ 56. Kf2 Qh5 57. Bc3 Qh2+ 58. Ke1 Qh1+ 59. Kd2 Qg2+ 60. Kc1 Qa2 61. Qa7+ Ke8 62. Qb8+ Kd7 63. Qb7+ Ke6 64. Qb6+ Kd7 65. Bb2 Kc8 66. f5 1-0

[Event "Hamburg St Pauli op-A"]
[Site "Hamburg"]
[Date "2013.07.08"]
[Round "3"]
[White "Mouritsen, Jan"]
[Black "Hinrichs, Jan"]
[Result "0-1"]
[WhiteElo "1854"]
[BlackElo "2072"]
[PlyCount "56"]
[EventDate "2013.07.06"]
[EventType "swiss"]
[EventRounds "9"]
[EventCountry "GER"]
[SourceTitle "CBM 155 Extra"]
[Source "ChessBase"]
[SourceDate "2013.08.26"]
[SourceVersion "1"]
[SourceVersionDate "2013.08.26"]
[SourceQuality "1"]

1. d4 d5 2. Nf3 Nf6 3. c4 e6 4. cxd5 exd5 5. Nc3 c5 6. g3 Nc6 7. Bg2 Be7 8. 0-0 0-0 9. dxc5 d4 10. Na4 Bf5 11. a3 Ne4 12. Ne1 Nxc5 13. Nxc5 Bxc5 14. Nd3 Bb6 15. Bf4 Re8 16. Rc1 Rc8 17. b4 Qe7 18. Re1 Be4 19. Bxe4 Qxe4 20. Nc5 Bxc5 21. Rxc5 b6 22. Rc1 Qd5 23. Qa4 d3 24. exd3 Rxe1+ 25. Rxe1 g5 26. b5 Nd4 27. Bxg5 Nf3+ 28. Kf1 Qxd3+ 0-1